00416nam a2200145Ia 4500100002200000942000700022654001300029245003700042260003800079082001400117300000800131546001200139999001700151952010200168 aMontgomery/ John  cBK aComputer aThe Underground guide to unix bAddison Wesley PubaReadingc1995 a5.43bMON a343 aENGLISH c28600d28600 001040708CRCaCRCEbCRCEc1556 | 80d2023-03-17l0o5.43 MONp8988r2023-03-17w2023-03-17yBK